Statystyki dla Kliknij aby przetłumaczyć - włoski

Kliknij tutaj aby rozwiązać quiz!

Ogólne statystyki

  • Ten quiz został rozwiązany 427 razy
  • Średni wynik to 11 z 20

Statystyki odpowiedzi

HintOdpowiedź% Poprawnych
WodaAcqua
91%
MlekoLatte
82%
NocNotte
80%
SiedemSette
80%
KobietaDonna
76%
ZielonyVerde
66%
GwiazdaStella
61%
PoniedziałekLunedì
57%
KościółChiesa
54%
BrzoskwiniaPesca
52%
PociągTreno
49%
DuchFantasma
44%
DywanTappeto
43%
PlażaSpiaggia
39%
RamięBraccio
38%
PomieszczenieStanza
36%
BurzaTempesta
32%
MyszTopo
29%
ButScarpa
24%
ArmiaEsercito
22%

Rozkład punktacji

Percentyl według liczby udzielonych odpowiedzi

Procent ludzi z każdym wynikiem

Twoja historia wyników

Nie rozwiązałeś tego quizu